000
00297nam a2200121Ia 4500
005
20251222144738.0
008
251222s9999||||xx |||||||||||||| ||spa||
020
_a
9972-890-73-2
082
_a
276.9/C76
245
0
_a
No tengáis miedo
264
_b
Biblioteca del Congreso del Perú
942
_c
LIB
999
_c
18861
_d
18861